000 00674 a2200205 4500
010 _aENG-88571
020 _a8120332720
_c495.00
035 _aEN-72104
037 _bDBAD / PUB
082 1 4 _a005.1
090 _c8809
_d8809
100 1 _aKelkar, S. A.
245 1 _aSoftware engineering:
_cby S. A. Kelkar
_ba concise study/
260 _aNew Dehli
_bPrentice -Hall of India
_c2007
270 _aM-97, Canaught Circus,
_bNew Delhi
_e110 001
300 _axi, 940 p.
_c24cm (Pbk.)
500 _aIncludes bibliographical references
942 _adpl
_cEN
_k005.1 / KEL
999 _c8649
_d8649